<?xml version="1.0" encoding="UTF-8"?><?xml-stylesheet type="text/xsl" href="static/style.xsl"?><OAI-PMH xmlns="http://www.openarchives.org/OAI/2.0/" xmlns:xsi="http://www.w3.org/2001/XMLSchema-instance" xsi:schemaLocation="http://www.openarchives.org/OAI/2.0/ http://www.openarchives.org/OAI/2.0/OAI-PMH.xsd"><responseDate>2026-04-27T19:52:48Z</responseDate><request verb="GetRecord" identifier="oai:uvadoc.uva.es:10324/70840" metadataPrefix="marc">https://uvadoc.uva.es/oai/request</request><GetRecord><record><header><identifier>oai:uvadoc.uva.es:10324/70840</identifier><datestamp>2024-10-15T19:01:14Z</datestamp><setSpec>com_10324_1191</setSpec><setSpec>com_10324_931</setSpec><setSpec>com_10324_894</setSpec><setSpec>col_10324_1379</setSpec></header><metadata><record xmlns="http://www.loc.gov/MARC21/slim" xmlns:doc="http://www.lyncode.com/xoai" xmlns:xsi="http://www.w3.org/2001/XMLSchema-instance" xmlns:dcterms="http://purl.org/dc/terms/" xsi:schemaLocation="http://www.loc.gov/MARC21/slim http://www.loc.gov/standards/marcxml/schema/MARC21slim.xsd">
<leader>00925njm 22002777a 4500</leader>
<datafield tag="042" ind1=" " ind2=" ">
<subfield code="a">dc</subfield>
</datafield>
<datafield tag="720" ind1=" " ind2=" ">
<subfield code="a">Merayo Álvarez, Noemí</subfield>
<subfield code="e">author</subfield>
</datafield>
<datafield tag="720" ind1=" " ind2=" ">
<subfield code="a">de Pintos, David</subfield>
<subfield code="e">author</subfield>
</datafield>
<datafield tag="720" ind1=" " ind2=" ">
<subfield code="a">Aguado Manzano, Juan Carlos</subfield>
<subfield code="e">author</subfield>
</datafield>
<datafield tag="720" ind1=" " ind2=" ">
<subfield code="a">Miguel Jiménez, Ignacio de</subfield>
<subfield code="e">author</subfield>
</datafield>
<datafield tag="720" ind1=" " ind2=" ">
<subfield code="a">Durán Barroso, Ramón José</subfield>
<subfield code="e">author</subfield>
</datafield>
<datafield tag="720" ind1=" " ind2=" ">
<subfield code="a">Lorenzo Toledo, Rubén Mateo</subfield>
<subfield code="e">author</subfield>
</datafield>
<datafield tag="260" ind1=" " ind2=" ">
<subfield code="c">2024</subfield>
</datafield>
<datafield tag="520" ind1=" " ind2=" ">
<subfield code="a">Software-defined networking (SDN) provides an efficient framework for managing passive optical networks (PONs) with equipment from different manufacturers, technologies, and standards. Thus, we recently proposed a robust and flexible SDN-OpenFlow agent to configure and manage 10 gigabit symmetric passive optical networks (XGS-PONs) to support Internet (data) services. That SDN agent communicates with the SDN controller via the OpenFlow protocol and with the optical line terminal (OLT) of the PON via the manufacturer’s chipset-specific API (application programming interface). In this paper, we significantly extend that SDN agent by incorporating the capability to support two essential services for network operators and Internet service providers, specifically voice over IP (VoIP) and video services. The required extensions and configuration procedures on the different layers that compose the SDN agent are described, and an experimental validation of the extended SDN agent in an XGS-PON is conducted, demonstrating its effectiveness in the integration of those two services. The source code of the SDN agent has been made open and available on GitHub.</subfield>
</datafield>
<datafield tag="024" ind2=" " ind1="8">
<subfield code="a">Journal of Optical Communications and Networking, October 2024, vol. 16, no. 10, pp. 1034-1049</subfield>
</datafield>
<datafield tag="024" ind2=" " ind1="8">
<subfield code="a">1943-0620</subfield>
</datafield>
<datafield tag="024" ind2=" " ind1="8">
<subfield code="a">https://uvadoc.uva.es/handle/10324/70840</subfield>
</datafield>
<datafield tag="024" ind2=" " ind1="8">
<subfield code="a">10.1364/JOCN.531051</subfield>
</datafield>
<datafield tag="024" ind2=" " ind1="8">
<subfield code="a">1034</subfield>
</datafield>
<datafield tag="024" ind2=" " ind1="8">
<subfield code="a">10</subfield>
</datafield>
<datafield tag="024" ind2=" " ind1="8">
<subfield code="a">1049</subfield>
</datafield>
<datafield tag="024" ind2=" " ind1="8">
<subfield code="a">Journal of Optical Communications and Networking</subfield>
</datafield>
<datafield tag="024" ind2=" " ind1="8">
<subfield code="a">16</subfield>
</datafield>
<datafield tag="024" ind2=" " ind1="8">
<subfield code="a">1943-0639</subfield>
</datafield>
<datafield tag="245" ind1="0" ind2="0">
<subfield code="a">Software-defined networking agent for integrating voice, data, and video services into XGS-PON architectures</subfield>
</datafield>
</record></metadata></record></GetRecord></OAI-PMH>